000 00696nam a2200229Ia 4500
003 OSt
005 20220930090723.0
006 a|||||r|||| 00| 0
007 ta
008 220926b |||||||| |||| 00| 0 eng d
024 _a16
037 _cTheses
040 _aCRL
_cCRL
_beng
041 _2eng
_aeng
100 _aKumar Parveen Au.
_9543376
245 0 _aSynthesis, characterization and evaluation of biocompatible nanomaterials for the delivery of anticancer agents
260 _aDelhi
_bDepartment of Chemistry
_c2016
300 _avp
_ap.
_ccm.
700 _a Chhikara Aruna Gu.
_9543377
942 _cDIS
_2CC
999 _c881033
_d881033